000 00451nab a2200145Ia 4500
003 ES-SlBCS
005 20210601125250.0
008 140529s1986 xxu||||| |||| 00| 0 eng d
041 _aeng
100 1 _aFóti, Véronique M.
_950153
245 0 4 _aThe Cartesian Imagination
_c Véronique M. Fóti
600 1 4 _aDescartes-Imaginación
_9156129
773 0 _tPhilosophy and Phenomenological Research
_gvol. 47, 1986, págs. 631-642
_wRev1411
942 _cAR
999 _c527498
_d527498